SUMP for Cities’ Sustainable Development (Record no. 25667)
[ view plain ]
| 000 -LEADER | |
|---|---|
| fixed length control field | 00998nam a2200121Ia 4500 |
| 008 - FIXED-LENGTH DATA ELEMENTS--GENERAL INFORMATION | |
| fixed length control field | 220620s9999||||xx |||||||||||||| ||und|| |
| 245 #0 - TITLE STATEMENT | |
| Title | SUMP for Cities’ Sustainable Development |
| 546 ## - LANGUAGE NOTE | |
| Language note | English[eng] |
| 650 ## - SUBJECT ADDED ENTRY--TOPICAL TERM | |
| Topical term or geographic name entry element | sustainable urban mobility||SUMP||mobility measures||multicriteria decision making methods||MCDM||bus transportation system||urban infrastructure||network growth||Gini coefficient||complex systems||comprehensive traffic calming||active mobility||travel behaviour||quality of life||traffic safety||sustainable urban mobility planning||sustainable urban mobility plan||policy||problematisation||local transport||mobility plan||Sweden||Great Britain||Netherlands||Germany||development||autonomous cars||ITS and C-ITS||public infrastructure||Kendall method||pattern||social network analysis||tourist flow||visualization||Tibet |
| 700 ## - ADDED ENTRY--PERSONAL NAME | |
| Personal name | Burinskienė, Marija||Ušpalytė-Vitkūnienė, Rasa |
| 856 ## - ELECTRONIC LOCATION AND ACCESS | |
| Uniform Resource Identifier | <a href="https://mdpi.com/books/pdfview/book/3574">https://mdpi.com/books/pdfview/book/3574</a> |
| 942 ## - ADDED ENTRY ELEMENTS (KOHA) | |
| Koha item type | E-Books |
| Withdrawn status | Lost status | Damaged status | Not for loan | Home library | Current library | Date acquired | Total Checkouts | Date last seen | Price effective from | Koha item type |
|---|---|---|---|---|---|---|---|---|---|---|
| Kerala University of Digital Sciences, Innovation and Technology Knowledge Centre | Kerala University of Digital Sciences, Innovation and Technology Knowledge Centre | 20/06/2022 | 20/06/2022 | 20/06/2022 | E-Books |